Statistiques concernant Pays qui battent le Liechtenstein

Cliquez ici pour prendre le quiz!

Statistiques générales

  • Ce quiz a été pris 1 092 fois
    (594 depuis la dernière actualisation)
  • Le résultat moyen est 13 sur 20

Statistiques - réponses

RangsCatégoriesPays% Correct
6Le moins peupléVatican | Nauru | Tuvalu | Palaos | Saint-Marin
96%
6Le plus petitVatican | Monaco | Nauru | Tuvalu | Saint-Marin
91%
3Le plus riche par habitantMonaco | Qatar
90%
3Plus haut pourcentage de germanophoneAllemagne | Autriche
89%
5Le plus proche de France métropolitaine n'étant pas en U.E.Monaco | Andorre | Suisse | Royaume-Uni
88%
2Le plus grand utilisant le franc en EuropeSuisse
83%
3Le plus de milliardaires par habitantMonaco | Saint-Kitts-et-Nevis
82%
3Nom le plus long d'EuropeBosnie-Herzégovine | République Tchèque | Macédoine du Nord
80%
4Le plus de véhicules par habitantSaint-Marin | Monaco | Etats-Unis
78%
2Le moins deviné d'Europe au quiz des Pays du mondeSaint-Marin
74%
3Equipe de football la plus mauvaise d'Europe (classement UEFA)Saint-Marin | Malte
73%
6Capitale la moins peupléePalaos | Vatican | Nauru | Tuvalu | Saint-Marin
63%
3Germanophone avec le nom le plus proche de la fin de l’alphabetLuxembourg | Suisse
62%
3Commençant par "L" le plus proche de la fin de l'alphabetLituanie | Luxembourg
59%
3Commençant par "L" le moins deviné au quiz des Pays du mondeLiberia | Lesotho
58%
5Le plus d'immigrants par habitantVatican | Emirats Arabes Unis | Koweït | Qatar
32%
5Capitale européenne avec le plus de précipitationsMontenegro | Slovénie | Albanie | Suisse
29%
3Le plus d'imports par habitantSaint-Marin | Singapour
19%
2Doublement enclavé le plus grandOuzbékistan
18%
2Consommation d'électricité par habitant la plus importanteIslande
14%

Distribution des résultats

Percentile par nombre de réponses

% des personnes avec chaque résultat

Votre développement - résultats

Vous n’avez pas pris ce quiz depuis la dernière actualisation